书目信息 |
| 题名: |
非物质文化遗产的法律保护
|
|
| 作者: | 杨明 著 | |
| 分册: | ||
| 出版信息: | 北京 北京大学出版社 2014 |
|
| 页数: | 226页 | |
| 开本: | 23cm | |
| 丛书名: | 青年学者文库 | |
| 单 册: | ||
| 中图分类: | D922.164 | |
| 科图分类: | ||
| 主题词: | 文化遗产--法律保护--研究--中国 , 文化遗产 , 法律保护 | |
| 电子资源: | ||
| ISBN: | 978-7-301-23832-5 | |
| 000 | 01263oam2 2200301 450 | |
| 001 | 523 | |
| 005 | 20140908081129.51 | |
| 010 | @a978-7-301-23832-5@dCNY33.00 | |
| 100 | @a20140507d2014 em y0chiy50 ea | |
| 101 | 0 | @achi |
| 102 | @aCN@b110000 | |
| 105 | @ay z 000yy | |
| 106 | @ar | |
| 200 | 1 | @a非物质文化遗产的法律保护@AFei Wu Zhi Wen Hua Yi Chan De Fa Lu^ Bao Hu@dThe legal protection of intangible cultural heritage@f杨明著@FYang Ming Zhu@zeng |
| 210 | @a北京@c北京大学出版社@d2014 | |
| 215 | @a226页@d23cm | |
| 225 | 2 | @a青年学者文库 |
| 300 | @a教育部人文社会科学研究青年基金项目资助 北京大学上山出版基金资助 | |
| 330 | @a本书以“法律结构”为逻辑线索展开体系化的研究,试图勾勒出“涉及的利益主体——利益主体享有的权利之定性——利益主体之间的具体法律关系”这样的架构,对“非物质文化遗产保护的法律结构”进行解析,是将“维护文化多样性之价值取向”落实到制度层面的重要理论工作,是制度构建的基础性研究。 | |
| 461 | 0 | @12001 @a青年学者文库 |
| 510 | 1 | @aLegal protection of intangible cultural heritage@zeng |
| 606 | 0 | @a文化遗产@x法律保护@x研究@y中国 |
| 606 | 0 | @a文化遗产 |
| 606 | 0 | @a法律保护 |
| 690 | @aD922.164@v5 | |
| 701 | 0 | @a杨明@AYang Ming@f(1976~)@4著 |
| 801 | 0 | @aCN@bTANGWEI@c20140603 |
| 905 | @b0840593-95@dD922.164@e1079@f3 | |
| 非物质文化遗产的法律保护=The legal protection of intangible cultural heritage/杨明著.-北京:北京大学出版社,2014 |
| 226页;23cm.-(青年学者文库) |
| 教育部人文社会科学研究青年基金项目资助 北京大学上山出版基金资助 |
| ISBN 978-7-301-23832-5:CNY33.00 |
| 本书以“法律结构”为逻辑线索展开体系化的研究,试图勾勒出“涉及的利益主体——利益主体享有的权利之定性——利益主体之间的具体法律关系”这样的架构,对“非物质文化遗产保护的法律结构”进行解析,是将“维护文化多样性之价值取向”落实到制度层面的重要理论工作,是制度构建的基础性研究。 |
| ● |
| 相关链接 |
|
|
|
|
正题名:非物质文化遗产的法律保护
索取号:D922.164/1079
 
预约/预借
| 序号 | 登录号 | 条形码 | 馆藏地/架位号 | 状态 | 备注 |
| 1 | 0840593 | 208405938 | 第一样本阅览室/ [索取号:D922.164/1079] | 在馆 | |
| 2 | 0840594 | 208405947 | 密集书库-史法系/ [索取号:D922.164/1079] | 在馆 | |
| 3 | 0840595 | 208405956 | 第一借阅区/ [索取号:D922.164/1079] | 在馆 |